00739nam a22001937a 4500003000900000008004100009020001800050040007100068082001800139100003200157245005400189260003500243300005900278440003900337505012100376650001300497650001600510650001900526AR-CdUCM190514b ||||| |||| 00| 0 spa d a968-816-063-6 aMUNICIPALIDAD PROVINCIAL DEL CUSCOcBIBLIOTECA MUNICIPAL DEL CUSCO a974.02 /bC29 aCastañeda Iturbide, Jaime aGobernantes de la nueva España :b1696 - 1821 / aMéxico :bSocicultur,c1986. a182 páginas ;bIlustraciones, fotografías,c22 cm. aColección distrito federal ;n10 aContenido: José Sarmiento y Valladares -- Juan de Ortega Montañes -- Francisco Fernandez de la cueva Enriquez... aHistoria aGobernantes aNueva España